|
|
|
|
| LEADER |
00000naa2a2200000 4500 |
| 001 |
151937 |
| 005 |
20231031150858.0 |
| 035 |
|
|
|a (RuTPU)RU\TPU\book\164760
|
| 035 |
|
|
|a RU\TPU\tpu\13930
|
| 090 |
|
|
|a 151937
|
| 100 |
|
|
|a 20090128d1973 k y0rusy50 ca
|
| 101 |
0 |
|
|a rus
|
| 102 |
|
|
|a RU
|
| 200 |
1 |
|
|a Девонские эффузивы центральной части Алтае-Саянской области и их молибден-сульфидная минерализация
|f В. К. Черепнин [и др.]
|
| 463 |
|
0 |
|0 (RuTPU)RU\TPU\book\139279
|t Геология
|o материалы конференции, посвященные 75-летию института
|f Томский политехнический институт ; под ред. А. В. Аксарина
|v С. 66-67
|d 1973
|p 232 с.
|
| 610 |
1 |
|
|a труды учёных ТПУ
|
| 701 |
|
1 |
|a Черепнин
|b В. К.
|c российский геолог
|c профессор Томского политехнического института
|f 1916-1985
|g Владимир Константинович
|2 stltpush
|3 (RuTPU)RU\TPU\pers\19885
|
| 701 |
|
1 |
|a Крюков
|b В. Г.
|
| 701 |
|
1 |
|a Мустафин
|b В. З.
|
| 701 |
|
1 |
|a Фомин
|b Ю. А.
|
| 701 |
|
1 |
|a Рихванов
|b Л. П.
|c российский ученый, геолог
|c профессор Томского политехнического университета, доктор геолого-минералогических наук
|c заслуженный геолог РФ
|c почетный работник высшего образования РФ
|f 1945-
|g Леонид Петрович
|2 stltpush
|3 (RuTPU)RU\TPU\pers\23187
|
| 801 |
|
1 |
|a RU
|b 63413507
|c 20080207
|g PSBO
|
| 801 |
|
2 |
|a RU
|b 63413507
|c 20110328
|g PSBO
|
| 942 |
|
|
|c BK
|